000 00913nas a22002531i 4500
999 _c174641
_d174641
005 20191016165609.0
008 191016c201u9999my ar p r|||| 00| 0 may d
040 _aPPAK
_beng
_cPPAK
_erda
082 0 4 _223
_a332.109595
090 0 0 _a332.109595
_bANN
_dR
110 2 _aBank Kerjasama Rakyat Malaysia Berhad,
_eissuing body.
222 0 _aAnnual Report
_b(Bank Kerjasama Rakyat Malaysia Berhad)
245 1 0 _aAnnual Report ... /
_bBANK RAKYAT
264 1 _aKuala Lumpur :
_bBank Rakyat
300 _avolumes :
_bcolour photographs ;
_c28 cm
310 _aAnnual
588 _a2016 ; title from cover page
610 2 4 _aBank Kerjasama Rakyat Malaysia Berhad
_vPeriodicals
650 1 0 _aBanks and banking
_vPeriodicals
_zMalaysia
650 2 0 _aFinancial institutions
_vPeriodicals
_zMalaysia
650 2 0 _aFinancial statements
_vPeriodicals
_zMalaysia
850 _8(2016)-
_aPPAK
942 _2ddc
_cSR